000 00385nam a2200181Ia 4500
008 210210b1947 xxu||||| |||| 00| 0 eng d
041 _aeng
082 _a828/679
100 _aWHITE (N I)
245 _aShelly Vol II
260 _aLondon
_bNot Mentioned
_c1947
440 _aII
650 _aVol
650 _aShelly
650 _aII
690 _aBiography
906 _a016524
999 _c136077
_d136077